Neuere Erfahrungen über die Behandlung und Beseitigung der gewerblichen Abwässer : Vortrag /

Hlavní autor: König, Josef
Jazyk: Němčina
Vydáno: Berlin : J. Springer, 1911
Fyzický popis: 52 s.
Knihy
Uloženo v:
LEADER 00622nam a22002052a 4500
001 001442336
003 CZ BrMZK
005 20150521142228.0
007 ta
008 141208s1911 gw er|||||||||||ger d
040 |a BOA001  |b cze 
100 1 |a König, Josef  |4 aut 
245 1 0 |a Neuere Erfahrungen über die Behandlung und Beseitigung der gewerblichen Abwässer :  |b Vortrag /  |c J. König 
260 |a Berlin :  |b J. Springer,  |c 1911 
300 |a 52 s. 
910 |a BOA001  |b 2-0357.086 
990 |a BK 
993 |a Y 
991 |b 201412 
996 6 |b 2618937599  |c 2-0357.086  |l MZK  |r Sklad / do 24 hodin  |n 0  |w 001477336  |u 000010  |a 1  |e BOA001  |j MZK50  |s P